Štúdium biokompatibilných polymérov povrchovo modifikovaných nízkoteplotnou plazmou dizertačná práca

Enregistré dans:
Détails bibliographiques
Auteur principal: Valentin, Marian
Format: Livre
Langue:slovaque
Publié: Bratislava STU FCHPT 2014
Accès en ligne:Voir à l'OPAC
Tags: Ajouter un tag
Pas de tags, Soyez le premier à ajouter un tag!

MARC

LEADER 00000nam a2200000 a 4500
005 20260127134158.0
008 160224 2014 000 0 slo d
035 |a vtls011496526 
039 9 |y 201602240723  |z mschk02 
040 |a STUSCHK1  |b slo  |c STUSCHK1  |e AACR2 
100 1 |a Valentin, Marian 
245 1 |a Štúdium biokompatibilných polymérov povrchovo modifikovaných nízkoteplotnou plazmou  |b dizertačná práca  |c Marian Valentin 
260 |a Bratislava  |b STU FCHPT  |c 2014 
300 |a 121 s.  |b il.  |c 24 cm 
500 |a Školiace pracovisko: SAV, Ústav polymérov 
910 |a SCHK95 
999 |c 5989  |d 5989